| 000 | 00938cam a2200193 4500 | ||
|---|---|---|---|
| 001 | WB3947-02 | ||
| 008 | 031212n2003 000 0 eng u | ||
| 035 | _a(Sirsi) u124614 | ||
| 245 | _aNew construction orders: October 2003 | ||
| 260 | _c2003 | ||
| 490 |
_aDTI Press Release _v(C-1203) 11 December 2003 (2) |
||
| 520 | _aIn the 12 months to October construction orders were down 1% and fell by 16% compared to the same three months in 2002. All order figures are seasonally adjusted and in constant (2000) prices. Private housing orders, infrastructure orders, public non-housing orders, private commercial orders and private industrial orders are also included. Next publication date for the new construction orders statistical release is 15 January 2004. | ||
| 590 | _aWB | ||
| 650 | _aSTATISTICS | ||
| 650 | _aCONSTRUCTION STATISTICS | ||
| 650 | _aDBERR NEW CONSTRUCTION ORDERS | ||
| 690 | _aBUILT ENVIRONMENT | ||
| 942 | _n0 | ||
| 999 |
_c73958 _d73958 |
||